Catálogo público

Advanced dairy chemistry / edición P. F. Fox y P. L. H. McSweeney (Record no. 209331)

MARC details
000 -CABECERA
campo de control de longitud fija 01130nam a2200337Ia 4500
001 - NÚMERO DE CONTROL
campo de control dia_3577
003 - IDENTIFICADOR DEL NÚMERO DE CONTROL
campo de control CHAP
005 - FECHA Y HORA DE LA ÚLTIMA TRANSACCIÓN
campo de control 20251021153454.0
008 - DATOS DE LONGITUD FIJA--INFORMACIÓN GENERAL
campo de control de longitud fija 220601s9999 xx 000 0 und d
020 ## - NÚMERO INTERNACIONAL ESTÁNDAR DEL LIBRO
Número Internacional Estándar del Libro 0-306-47271-6 (v.1 A y B) \ 0-387-26364-0 (v.2)
040 ## - FUENTE DE LA CATALOGACIÓN
Centro/agencia transcriptor CHAP
082 ## - NÚMERO DE LA CLASIFICACIÓN DECIMAL DEWEY
Número de clasificación 637 A38 2003
245 ## - MENCIÓN DE TÍTULO
Título Advanced dairy chemistry / edición P. F. Fox y P. L. H. McSweeney
250 ## - MENCIÓN DE EDICIÓN
Mención de edición 3a ed.
260 ## - PUBLICACIÓN, DISTRIBUCIÓN, ETC.
Lugar de publicación, distribución, etc. Estados Unidos de América : Plenum Publishers : Springer
300 ## - DESCRIPCIÓN FÍSICA
Extensión 2 v.
500 ## - NOTA GENERAL
Nota general Los ej. 2 y 3 de los 3 v. son material fotocopiado
503 ## - NOTA DE HISTORIA BIBLIOGRÁFICA (BK CF MU) [OBSOLETO]
Nota de historia bibliográfica I. 233844 (v.1 A y v.2) \ I. 233843 (v.1 B)
504 ## - NOTA DE BIBLIOGRAFÍA, ETC.
Nota de bibliografía, etc. Incluye bibliografías
505 ## - NOTA DE CONTENIDO CON FORMATO
Nota de contenido con formato v.1 A y B. Proteins \ v.2. Lipids
590 ## - NOTA LOCAL (RLIN)
Nota local SF251 A38 2003
650 ## - PUNTO DE ACCESO ADICIONAL DE MATERIA--TÉRMINO DE MATERIA
Término de materia o nombre geográfico como elemento de entrada 1. Leche - Composición
650 ## - PUNTO DE ACCESO ADICIONAL DE MATERIA--TÉRMINO DE MATERIA
Término de materia o nombre geográfico como elemento de entrada Productos lácteos - Composición
650 ## - PUNTO DE ACCESO ADICIONAL DE MATERIA--TÉRMINO DE MATERIA
Término de materia o nombre geográfico como elemento de entrada Milk - Composition
650 ## - PUNTO DE ACCESO ADICIONAL DE MATERIA--TÉRMINO DE MATERIA
Término de materia o nombre geográfico como elemento de entrada Dairy products - Composition
700 ## - PUNTO DE ACCESO ADICIONAL--NOMBRE DE PERSONA
Nombre de persona Fox, P. F., ed. \ McSweeney, P. L. H., ed.Ì
9 (RLIN) 175831
901 ## - ELEMENTOS DE DATOS A LOCAL LDA (RLIN)
a 637 A38 2003
902 ## - ELEMENTOS DE DATOS B LOCAL, LDB (RLIN)
a M
905 ## - ELEMENTOS DE DATOS E LOCAL, LDE (RLIN)
a 5222272003 -usadmn8222223322eng16
942 ## - ELEMENTOS DE PUNTO DE ACCESO ADICIONAL (KOHA)
Tipo de ítem Koha Libro
Fuente del sistema de clasificación o colocación Dewey Decimal Classification
Holdings
Estado de retiro Estado de pérdida Fuente del sistema de clasificación o colocación Estado dañado No para préstamo Código de colección Localización permanente Ubicación/localización actual Ubicación en estantería Fecha de adquisición Enumeración/cronología de publicación seriada Total de préstamos Código de barras Fecha visto por última vez Número de copia Precio válido a partir de Tipo de ítem Koha Fecha del último préstamo
    Dewey Decimal Classification     General Ingenieria Agroindustrial Ingenieria Agroindustrial   01/06/2022 Volumen: 2   dia_006128 01/06/2022 3 01/06/2022 Libro  
    Dewey Decimal Classification     General Ingenieria Agroindustrial Ingenieria Agroindustrial   01/06/2022 Volumen: 1 Tomo: 1 1 dia_006095 12/02/2024 1 01/06/2022 Libro 12/02/2024
    Dewey Decimal Classification     General Ingenieria Agroindustrial Ingenieria Agroindustrial   01/06/2022 Volumen: 1 Tomo: 2   dia_006096 01/06/2022 1 01/06/2022 Libro  
    Dewey Decimal Classification     General Ingenieria Agroindustrial Ingenieria Agroindustrial   01/06/2022 Volumen: 2 1 dia_006097 12/02/2024 1 01/06/2022 Libro 12/02/2024
    Dewey Decimal Classification     General Ingenieria Agroindustrial Ingenieria Agroindustrial   01/06/2022 Volumen: 1 Tomo: 1 1 dia_006123 10/06/2024 2 01/06/2022 Libro 10/06/2024
    Dewey Decimal Classification     General Ingenieria Agroindustrial Ingenieria Agroindustrial   01/06/2022 Volumen: 1 Tomo: 1   dia_005295 01/06/2022 3 01/06/2022 Libro  
    Dewey Decimal Classification     General Ingenieria Agroindustrial Ingenieria Agroindustrial   01/06/2022 Volumen: 1 Tomo: 2 1 dia_006125 05/06/2023 2 01/06/2022 Libro 29/05/2023
    Dewey Decimal Classification     General Ingenieria Agroindustrial Ingenieria Agroindustrial   01/06/2022 Volumen: 1 Tomo: 2 1 dia_006126 26/05/2025 3 01/06/2022 Libro 19/05/2025
    Dewey Decimal Classification     General Ingenieria Agroindustrial Ingenieria Agroindustrial   01/06/2022 Volumen: 2   dia_006127 01/06/2022 2 01/06/2022 Libro